01010nab a22002177a 4500003000400000005001700004008004100021040000700062100002100069245008300090260007200173300001300245500003800258505018300296505008900479650002000568650001900588650002400607650002900631773013200660OSt20230725113645.0190605e xxu||||| |||| 00| 0 spa d cPJ aSappia, Jorge J.10aUna aproximación a la estabilidad del empleado público /cJorge J. Sappia. aCiudad Autónoma de Buenos Aires :bThomson Reuters La Ley,c2023. ap. 79-81 aCita: TR LALEY AR/DOC/3219/2022  aFallo comentado: CS ~ 21/06/2022 ~ SÁNCHEZ, OSCAR VICENTE C. MUNICIPALIDAD DE ESQUINA (CORRIENTES) Y OTRO Y/O QUIEN RESULTE RESPONSABLE S/ ACCIÓN CONTENCIOSA ADMINISTRATIVA. t¿Te interesa el texto completo? Solicitalo al correo: koha@justierradelfuego.gov.ar 0aDERECHO LABORAL 0aEMPLEO PUBLICO 0aESTABILIDAD LABORAL 0aJURISPRUDENCIA APLICABLE0 02711dCiudad Autónoma de Buenos Aires : Thomson Reuters La Ley, 1999-2002.tRevista de derecho del trabajo. Nº1 - Enero 2023